000 06744namaa22004451i 4500
003 EG-GICUC
005 20260429153128.0
008 260429s2025 ua a|||frm||| 000 0 eng d
040 _aEG-GICUC
_beng
_cEG-GICUC
_dEG-GICUC
_erda
041 0 _aeng
_beng
_bara
049 _aDeposit
082 0 4 _a615.82
092 _a615.82
_221
097 _aM.Sc
099 _aCai01.21.11.M.Sc.2025.Al.E
100 0 _aAlaa Mohamed Ahmed Elbaroudy,
_epreparation.
245 1 0 _aEffect of cognitive postural training on postural stability in hemispatial negelct patients post stroke /
_cby Alaa Mohamed Ahmed Elbaroudy ; Supervisor Prof. Dr. Mohamed Sadek Badawy, Prof. Dr. Ebtesam Mohamed Fahmy, Dr. Yasmine Sabry Gomaa.
246 1 5 _aتاثير التمرين المعرفى الوضعى على الإستقرار الوضعى فى مرضى الإهمال الحيزى النصفى ما بعد الجلطة
264 0 _c2025.
300 _a88 pages :
_billustrations ;
_c25 cm. +
_eCD.
336 _atext
_2rda content
337 _aUnmediated
_2rdamedia
338 _avolume
_2rdacarrier
502 _aThesis (M.Sc)-Cairo University, 2025.
504 _aBibliography: pages 76-81.
520 3 _aBackground: Hemispatial neglect is a common and disabling condition following right hemispheric stroke, often resulting in impaired spatial awareness, cognitive dysfunction, and postural instability. Traditional rehabilitation approaches may not adequately address the combined cognitive and motor deficits seen in this population. Purpose: This study aimed to investigate the effect of Cognitive Postural Training (CPT) on postural stability, cognitive function, hemispatial neglect and quality of life in patients with hemispatial neglect post-stroke. Subjects and Methods: A randomized controlled trial was conducted involving 42 post-stroke patients with hemispatial neglect. Participants were randomly assigned to a study group receiving CPT combined with conventional balance training and a control group receiving the same conventional balance training alone. Outcome measures included the Montreal Cognitive Assessment (MoCA), Mini-Mental State Examination (MMSE), Star Cancellation Test (SCT), Catherine Bergego Scale (CBS), Overall Stability Index (OSI), Berg Balance Scale (BBS), and Barthel Index (BI). Measurements were taken pre- and post-intervention. Results: The study group demonstrated statistically significant post treatment improvements across all measures compared to the control group. Cognitive scores (MoCA and MMSE), spatial attention (SCT and CBS), postural stability (OSI and BBS), and functional independence (BI) all improved significantly in the CPT group post treatment . The control group showed only significant improvements in postural stability and functional independence post treatment. Conclusion: Cognitive Postural Training is an effective intervention for improving cognitive function, spatial awareness, postural control, and daily functioning in patients with hemispatial neglect post-stroke. The findings support the integration of CPT into the routine rehabilitation programs of this population to enhance recovery.
520 3 _aالخلفية: الإهمال النصفي الفراغي هو حالة شائعة ومُعطّلة تحدث بعد السكتة الدماغية في النصف الأيمن من الدماغ، وغالبًا ما تؤدي إلى ضعف الوعي المكاني، والخلل المعرفي، وعدم الاستقرار الوضعي. وقد لا تكون الأساليب التقليدية لإعادة التأهيل كافية لمعالجة النقص المعرفي والحركي المشترك في هذه الفئة من المرضى. هدف الدراسة: هدفت هذه الدراسة فحص تأثير التدريب المعرفي الوضعي على الإستقرار الوضعي، والوظيفة المعرفية، والإهمال النصفي والإستقلالية الوظيفية لدى مرضى الإهمال النصفي ما بعد السكتة الدماغية. طرق البحث: أُجريت تجربة شملت 42 مريضًا بالسكتة الدماغية يعانون من الإهمال النصفي. تم توزيع المشاركين عشوائيًا إلى مجموعتين متساويتين: مجموعة دراسة تلقت التدريب المعرفي الوضعي بالإضافة إلى تدريب التوازن التقليدي، ومجموعة ضابطة تلقت نفس تدريب التوازن التقليدي فقط. شملت أدوات القياس مقياس بيرج للتوازن ومؤشر الإستقرار العام وتقييم مونتريال المعرفي، وإختبار الحالة العقلية المصغر ، واختبار إلغاء النجوم ، ومقياس كاثرين بيرجو، ومؤشر بارثيل. تم إجراء القياسات قبل وبعد التدخل العلاجي. النتائج: أظهرت مجموعة الدراسة تحسنًا ذا دلالة إحصائية في جميع القياسات بعد العلاج مقارنةً بالمجموعة الضابطة. وقد أظهرت المجموعة الضابطة تحسنا ذا دلالة إحصائية في التوازن والإستقلالية الوظيفية فقط. الخلاصة: يُعد التدريب المعرفي الوضعي تدخلًا فعالًا لتحسين الوظيفة المعرفية، والوعي المكاني، والتحكم في الوضعية، والوظيفة اليومية لدى مرضى الإهمال النصفي بعد السكتة الدماغية. وتدعم النتائج دمج هذا البرنامج في برامج إعادة التأهيل العصبي الروتينية لتعزيز نتائج التعافي لدى هذه الفئة من المرضى.
530 _aIssues also as CD.
546 _aText in English and abstract in Arabic & English.
650 0 _aPhysical Therapy
650 0 _aالعلاج الطبيعي
653 1 _acognitive postural training
_ahemispatial neglect
_astroke rehabilitation
_adual-task training
_apostural stability
_acognition
_abalance
_arandomized controlled trial
_aالتدريب المعرفي الوضعي
_aالإهمال النصفي
700 0 _aMohamed Sadek Badawy
_ethesis advisor.
700 0 _aEbtesam Mohamed Fahmy
_ethesis advisor.
700 0 _aYasmine Sabry Gomaa
_ethesis advisor.
900 _b01-01-2025
_cMohamed Sadek Badawy
_cEbtesam Mohamed Fahmy
_cYasmine Sabry Gomaa
_UCairo University
_FFaculty of Physical Therapy
_DDepartment of Physical Therapy for Neurology
905 _aShimaa
942 _2ddc
_cTH
_e21
_n0
999 _c179834